000 00569nam a2200217Ia 4500
003 OSt
005 20220928140519.0
006 a|||||r|||| 00| 0
007 ta
008 220927b |||||||| |||| 00| 0 eng d
024 _a9121
037 _cTextual
040 _aSDCL
_cSDCL
_beng
041 _2eng
_aeng
082 _aD6,8(B),43, N7
100 _aYoung Steve Ed.
_9495642
245 0 _aCorus-based methods in language and speech processing
260 _c1997
942 _hD6,8(B),43, N7
_cTEXL
_2CC
999 _c811869
_d811869